Art Appreciation (Record no. 88337)

MARC details
000 -LEADER
fixed length control field 00906nam a22003257a 4500
003 - CONTROL NUMBER IDENTIFIER
control field URS
005 - DATE AND TIME OF LATEST TRANSACTION
control field 20251022142534.0
008 - FIXED-LENGTH DATA ELEMENTS--GENERAL INFORMATION
fixed length control field 251007b ||||| |||| 00| 0 eng d
020 ## - INTERNATIONAL STANDARD BOOK NUMBER
International Standard Book Number 978-621-08-0051-7
040 ## - CATALOGING SOURCE
Transcribing agency URS
050 ## - LIBRARY OF CONGRESS CALL NUMBER
Classification number NX440
Item number .Ar784 2024
100 ## - MAIN ENTRY--PERSONAL NAME
Personal name Adajar, Carthelyn C.
245 ## - TITLE STATEMENT
Title Art Appreciation
250 ## - EDITION STATEMENT
Edition statement 2024 Edition
264 ## - PRODUCTION, PUBLICATION, DISTRIBUTION, MANUFACTURE, AND COPYRIGHT NOTICE
Place of production, publication, distribution, manufacture Malabon City
Name of producer, publisher, distributor, manufacturer Mutya Publishing House Inc.
Date of production, publication, distribution, manufacture, or copyright notice ©2024
300 ## - PHYSICAL DESCRIPTION
Extent 311 pages.,:
Dimensions 26 cm.
336 ## - CONTENT TYPE
Source rdacontent
Content type term text
337 ## - MEDIA TYPE
Source rdamedia
Media type term unmediated
338 ## - CARRIER TYPE
Source rdacarrier
Carrier type term volume
650 #0 - SUBJECT ADDED ENTRY--TOPICAL TERM
Topical term or geographic name entry element Art appreciation
700 ## - ADDED ENTRY--PERSONAL NAME
Personal name Corbita, Dennis P.
700 ## - ADDED ENTRY--PERSONAL NAME
Personal name Savior, Hobart P.
700 ## - ADDED ENTRY--PERSONAL NAME
Personal name Maquiling, Andrews
700 ## - ADDED ENTRY--PERSONAL NAME
Personal name Sario, Lumin Christy A.
700 1# - ADDED ENTRY--PERSONAL NAME
Personal name Gallinero, Winston B.,
700 ## - ADDED ENTRY--PERSONAL NAME
Personal name Maraviles, Jackylou H.
700 ## - ADDED ENTRY--PERSONAL NAME
Personal name Relacion, April Farell M.
700 ## - ADDED ENTRY--PERSONAL NAME
Personal name Logronio, Maureen A.
942 ## - ADDED ENTRY ELEMENTS (KOHA)
Source of classification or shelving scheme Library of Congress Classification
Koha item type Filipiniana
Holdings
Withdrawn status Source of classification or shelving scheme Damaged status Not for loan Collection code Home library Current library Date acquired Total Checkouts Full call number Barcode Date last seen Copy number Price effective from Koha item type
  Library of Congress Classification     Non-fiction Morong College Library Morong College Library 10/07/2025   NX440 .Ar784 2024 URSMOR-CL-30703 10/07/2025 1 10/07/2025 Filipiniana
  Library of Congress Classification     Non-fiction Morong College Library Morong College Library 10/07/2025   NX440 .Ar784 2024 URSMOR-CL-30704 10/07/2025 2 10/07/2025 Filipiniana
  Library of Congress Classification     Non-fiction Morong College Library Morong College Library 10/07/2025   NX440 .Ar784 2024 URSMOR-CL-30705 10/07/2025 3 10/07/2025 Filipiniana
  Library of Congress Classification     Non-fiction Morong College Library Morong College Library 10/07/2025   NX440 .Ar784 2024 URSMOR-CL-30706 10/07/2025 4 10/07/2025 Filipiniana
  Library of Congress Classification     Non-fiction Morong College Library Morong College Library 10/07/2025   NX440 .Ar784 2024 URSMOR-CL-30707 10/07/2025 5 10/07/2025 Filipiniana

University of Rizal System
Email us at univlibservices@urs.edu.ph

Visit our Website www.urs.edu.ph/library